Top 10 Città più popolose Provincia di Mantova - Statistics

Statistiche generali
  • Questo quiz è stato fatto 54 volte
  • Il punteggio medio è 5 su 10
Statistiche sulle risposte
Popolazione (ab.) Città % Corretto
46 649 Mantova
98%
20 545 Suzzara
74%
22 052 Castiglione delle Stiviere
67%
10 289 Goito
57%
15 918 Porto Mantovano
50%
19 157 Viadana
50%
12 065 Castel Goffredo
43%
14 570 Curtatone
40%
14 400 Borgo Virgilio
36%
11 481 San Giorgio Bigarello
17%
Nessun quiz corrispondente trovato
Distribuzione punteggi
Percentuale di utenti per punteggio
Percentile per numero di risposta
I tuoi punteggi nel tempo
Non hai fatto questo quiz